00371nam a2200133Ia 4500008004100000041001200041082001600053100002100069245006500090260004800155300000800203650001200211700001400223221030s9999 xx 000 0 und d aEnglish a105.23bCha aM. C. Chaturvedi 0aWater Resources Systems Planning Some Case Studies for India bIndian Academy of SciencesaBangalorec1985 a356 aPhysics aP. Rogers